000 04789nam a2200433 a 4500
003 CHAP
005 20250609125850.0
007 ta
008 250609s2002 mx d frm 00110 spa d
040 _cCHAP
_amxchpua
_erda
041 0 _aspa
_beng
090 _aTesis
_bR63
_c2002
100 1 _aRodríguez Ángeles, Victorina
240 1 0 _aCharacterizaction of the adobera cheese elaborated by two methods of fast processing.
_lEspañol
245 1 0 _aCaracterización del queso adobera elaborado por dos métodos de procesamiento rápido /
_cVictorina Rodríguez Ángeles
264 _aChapingo, México :
_bEl autor,
_c2002
300 _a87 hojas :
_bgráficas, diagramas, tablas
336 _2rdacontent
_atexto
_btxt
337 _2rdamedia
_ano mediado
_bn
338 _2rdacarrier
_avolumen
_bnc
502 _aTesis
_b(Ingeniero Agroindustrial) --
_cUACh. Departamento de Ingenieria Agroindustrial,
_d2002
504 _aBibliografía: hojas 59-62
520 3 _aLos quesos mexicanos genuinos como el adobera han sido escasamente estudiados, debido a ello, es conveniente caracterizarlos, clasificarlos y mejorarlos técnicamente. Por eso, la presente investigación se enfocó al estudio del queso adobera elaborado con leche cruda (tradicional), con leche cruda y un cultivo de inoculación directa (Lactoccocus luctis ss. lactis y Luctococcus lactis ss. Cremoris ) y con leche pasteurizada y el mismo cultivo. Este trabajo se orientó a caracterizar el queso adobera con base en rasgos composicionales, texturales (método instrumental) y sensoriales. Se evaluaron 3 tratamientos, que constituyeron 9 unidades experimentales organizadas siguiendo un diseño completamente al azar. A los productos se les sometió a un análisis sensorial y composicional (humedad, proteína, grasa, cenizas, calcio), acidez titulable, pH, área de fundido y rendimiento. Los resultados mostraron que si hubo diferencias significativas entre los diferentes tratamientos. En tanto, la evaluación sensorial (con una prueba de diferencia de control) evidenció que los tres tratamientos mostraron características similares entre ellos. Asimismo, el análisis instrumental de perfil de textura, mostró que en dureza los tres tratamientos eran estadísticamente diferentes, mientras que en cohesividad y elasticidad eran iguales. Adicionalmente, con el empleo de los cultivos lácticos se acortó considerablemente el tiempo de proceso (hasta en un 20 % del original), aunque faltaría por investigar el grado de chedarización conveniente en la pasta del queso. --
520 3 _aThe genuine Mexican cheeses as the adobera barely has been studied, due to it, are advisable to characterize them, to classify them and to improve them technically. For that reason, the present investigation focused to the study of the adobera cheese elaborated with crude milk (traditional), crude milk and a cuiture of direct inoculation (Lactoccocus lactis ss. lactis and Lactococcus lactis ss. cremoris) and with pasteurized milk and the same culture. This work was oriented to characterize the adobera cheese with base in compositionales, texturales characteristics (instrumental method) and sensorial. Three treatments were evaluated, that constituted 9 experimental units organized completely following a design at random. Products it was put under to them a sensorial and compositional analysis (moisture, protein, fat, ashes, calcium), titleable acidity, pH, area of fused and yield. The results showed that yes there were signiticant differences between the different treatments. In as much, the sensorial evaluation (with a test of control difference) demonstrated that the three treatments showed similar characteristics among them. Also, the instrumental analysis of texture profile, showed that in hardness the three treatments were statisticaly different, whereas in cohesivity and elasticity they were equal. Additionally, with the use of the lactic cultures the time of process was used excessive respect considerably (until in 20 %), although would lack to investigate the degree of advisable chedarization in the paste of the cheese. 
650 1 3 _aQueso artesanal
_xPropiedades rheológicas
_2atg
650 1 3 _aFabricación de queso
_xLeche pasteurizada
_2atg
650 1 3 _aFabricación de queso
_xLeche cruda
_2atg
650 1 3 _aArtisan cheese
_xRheological properties
_2atg
650 1 3 _aCheesemaking
_xPasteurized milk
_2atg
650 1 3 _aCheesemaking
_xRaw milk
_2atg
700 1 _aVillegas de Gante, Abraham Zacarias
_edirector
700 1 _aSantos Moreno, Armando
_easesor
700 1 _aCórdoba Ángeles, Rosa María
_easesora
901 _aTESIS R63 2002
942 _cTESIS
_2Clasificación Universidad Autónoma Chapingo
999 _c220571
_d220571